000 02664cam a2200265 4500500
005 20260208001852.0
041 _afre
042 _adc
100 1 0 _aHermon, Carole
_eauthor
245 0 0 _aL’agroécologie en droit : état et perspective
260 _c2015.
500 _a64
520 _aLa loi d’avenir pour l’agriculture, l’alimentation et la forêt, datée du 13 octobre 2014, introduit la notion d’agroécologie dans le droit. Cette intégration est remarquable dans le sens où, en sciences agronomiques, l’agroécologie représente une véritable révolution au regard du modèle de production agricole dominant, puisqu’elle prétend produire en s’appuyant sur les fonctionnalités des écosystèmes, et non en usant d’intrants pour lutter contre les contraintes environnementales. En caractérisant ce qu’il convient d’entendre par « agroécologie », la loi d’avenir comprend une palette d’outils de nature à inciter à une transition agroécologique. Mais, au-delà de ce premier état du droit, la notion d’agroécologie pourrait ouvrir la voie à une re-conception du droit qui régit les rapports qu’entretiennent l’environnement et l’agriculture. Et parce qu’elle recouvre un système complexe, la notion autorise, paradoxalement, une simplification du droit.
520 _aThe law for the future of agriculture, food and forests of 13 October 2014 introduces the notion of agro-ecology in law. This integration is remarkable in that, in agricultural science, agro-ecology represents a revolution compared to the dominant agricultural production model, because it claims to produce by basing on the functionality of ecosystems, and not by using inputs to fight environmental constraints. By characterizing what should be understood by “agro-ecology”, the law includes a range of tools to encourage to an agro-ecological transition. But beyond this first state of law, the notion of agro-ecology should pave the way for a redesign of the law that governs the relationship between environment and agriculture. Because it covers a complex system, the notion allows paradoxically a simplification of the law.
690 _aagroécologie
690 _adroit de l’environnement
690 _adroit rural
690 _aproduction agricole
690 _aagricultural products
690 _aagroecology
690 _aenvironmental law
690 _arural law
786 0 _nRevue juridique de l’environnement | Volume 40 | 3 | 2015-08-27 | p. 407-422 | 0397-0299
856 4 1 _uhttps://droit.cairn.info/revue-juridique-de-l-environnement-2015-3-page-407?lang=fr&redirect-ssocas=7080
999 _c1645565
_d1645565